000 00284nam a2200109Ia 4500
008 230907s9999||||xx |||||||||||||| ||und||
082 _a621.381542
_bROY
100 _aRoy, J. N.
_9115878
245 0 _aPhotovoltaic science and technology /
300 _axxix, 412 pages ;
942 _cBK
999 _c600032
_d600032